86 Babynamen der Woche 13/25' - Statistiken

Allgemein
  • Dieses Quiz wurde 3 mal gespielt
  • Das Durchschnittsergebnis liegt bei 27 aus 86
Antwortstatistiken
📍 Vorname % Korrekt
A.m.d ♂️ Ahmad
67%
An.a ♀️ Anna
67%
Än.e ♀️ Änne
67%
Ba.b..a ♀️ Barbara
67%
C.l.b ♂️ Caleb
67%
Ca.a ♀️ Caya
67%
Cl.y ♂️ Clay
67%
Cu.t.s ♂️ Curtis
67%
D.v.n ♂️ Davin
67%
E.a ♀️ Ela
67%
El.s.b..h ♀️ Elisabeth
67%
Er.k ♂️ Eryk
67%
Ev.l.n ♀️ Evelin
67%
F.a.z ♂️ Franz
67%
F.i.d.i.h ♂️ Friedrich
67%
G.o.g ♂️ Georg
67%
G.t.l..b ♂️ Gottlieb
67%
H.n..h ♀️ Hannah
67%
Is.b.l ♀️ Isabel
67%
Is.b.l.a ♀️ Isabella
67%
J.y ♀️ Jay
67%
J.n.t..n ♂️ Jonathan
67%
Pi.t ♂️ Piet
67%
R.m..a ♀️ Ramona
67%
R.y ♂️ Ray
67%
Ry.n ♂️ Ryan
67%
Bi.g.r ♂️ Birger
33%
Br.y..a ♀️ Brayana
33%
C.r.s.a ♀️ Christa
33%
El.a ♀️ Elsa
33%
E.y..a ♀️ Elyana
33%
Ey.m ♂️ Eyem
33%
Ez.k..l ♂️ Ezekiel
33%
F.i..a ♀️ Frieda
33%
Il.i ♀️ Ilvi
33%
Ja.m.n ♀️ Jasmin
33%
J.l.e ♀️ Jolie
33%
K.y..a ♀️ Keyana
33%
Li.h ♀️ Liah
33%
Li.m ♂️ Liam
33%
Li.n.l ♂️ Lionel
33%
Lu.a ♂️ Luca
33%
L.c..z.a ♀️ Lucrezia
33%
Ma.l.s ♀️ Maelys
33%
M.r.l.n ♀️ Marilyn
33%
Ma.t.a ♀️ Martha
33%
My.o | M.i.o ♂️ Mylo | Mailo
33%
N.y..a ♀️ Neyana
33%
N.c.l ♀️ Nicol
33%
Q.i.s ♂️ Qaiss
33%
R.h..a ♀️ Rihana
33%
R.b..t ♂️ Robert
33%
Ro.e ♀️ Rose
33%
S.d..m ♂️ Saddam
33%
V.l.r.a ♀️ Valeria
33%
A.a.a ♀️ Amaya
0%
Ba.s..a ♀️ Barseba
0%
E.e ♂️ Ege
0%
E.m..a ♀️ Elmira
0%
H.s.a ♀️ Hasna
0%
Ho.e ♀️ Hope
0%
I.i.a ♀️ Irina
0%
I.a.y ♀️ Italy
0%
Iv.t..a ♀️ Ivathea
0%
J.l..e ♀️ Joline
0%
J.n.e ♂️ Jonne
0%
J.l..s ♂️ Julius
0%
K.l.n ♂️ Kalin
0%
K.r.o ♂️ Karlo
0%
K.n.o ♂️ Kento
0%
L.v..a ♀️ Levana
0%
Le.i ♀️ Lexi
0%
L.v.o ♂️ Livio
0%
L.i.a ♀️ Luisa
0%
M.d..a ♀️ Madita
0%
M.r.n ♂️ Miron
0%
N.v..a ♀️ Navina
0%
N.l.a ♀️ Nelia
0%
No.a ♀️ Noya
0%
S.l.m..a ♀️ Salimata
0%
Sa.d.r ♂️ Sander
0%
S.n.a ♀️ Senta
0%
S.f..r..a ♀️ Sofiarona
0%
St.v.n ♂️ Stivan
0%
T.m..a ♀️ Tamina
0%
T.m.o ♂️ Tammo
0%
Keine übereinstimmenden Quizze gefunden
Verteilung der Resultate
Anzahl Personen mit jedem Resultat
Perzentil nach korrekt beantworteten Fragen
Ihre Resultats-Entwicklung
Sie haben dieses Quiz noch nicht gespielt